ˆ[‰Анна Каренина] (Запись № 13628440)

Подробности
000 -МАРКЕР
контрольное поле 01538nam2a2200253 4500
001 - ИДЕНТИФИКАТОР ЗАПИСИ
контрольное поле rc\2859565
005 - ИДЕНТИФИКАТОР ВЕРСИИ
контрольное поле 20200325110515.0
035 ## - ДРУГИЕ СИСТЕМНЫЕ НОМЕРА
Идентификатор записи (NLR Aleph) 007203715
100 ## - ДАННЫЕ ОБЩЕЙ ОБРАБОТКИ
Данные общей обработки 20110709d1939 |||y0rusy50 ca
101 0# - ЯЗЫК РЕСУРСА
Язык текста, звукозаписи и т.д. русский
102 ## - СТРАНА ПУБЛИКАЦИИ ИЛИ ПРОИЗВОДСТВА
Страна публикации Российская Федерация
105 ## - ПОЛЕ КОДИРОВАННЫХ ДАННЫХ: ТЕКСТОВЫЕ МАТЕРИАЛЫ, МОНОГРАФИЧЕСКИЕ
Кодированные данные о монографическом текстовом документе h z |||||
200 1# - ЗАГЛАВИЕ И СВЕДЕНИЯ ОБ ОТВЕТСТВЕННОСТИ
Основное заглавие ˆ[‰Анна Каренина]
Сведения, относящиеся к заглавию [Черновые редакции и варианты]
Первые сведения об ответственности [Ред. Н.К. Гудзия]
210 ## - ПУБЛИКАЦИЯ, РАСПРОСТРАНЕНИЕ И ДР.
Место издания, распространения и т.д. Москва
Имя издателя, распространителя и т. д. Гослитиздат
Дата издания, распространения и т.д. 1939
215 ## - ФИЗИЧЕСКАЯ ХАРАКТЕРИСТИКА
Специфическое обозначение материала и объем X, 688 с., 2 вкл. л. факс.
Другие сведения о физической характеристике факс.
461 #0 - УРОВЕНЬ НАБОРА
Встроенное поле 001rc\2859546
-- 2001#$aПолное собрание сочинений$eЮбилейное издание. (1828-1928)$hСерия 1$iПроизведения. Т. 1-$fЛ.Н. Толстой$gПод общ. ред. В.Г. Черткова$gПри участии Редакторского ком. в составе А. Л. Толстой, А. Е. Грузинского, Н. Н. Гусева ... [и др.]$gИздание осуществляется под наблюдением Гос. ред. комиссии в составе А. В. Луначарского, В. Д. Бонч-Бруевича, М. Н. Покровского и И. И. Степанова-Скворцова$vТ. 20
-- 700#1$aТолстой$bЛ. Н.$gЛев Николаевич$f1828-1910$3RU\NLR\AUTH\771515
702 #1 - ИМЯ ЛИЦА - ВТОРИЧНАЯ ОТВЕТСТВЕННОСТЬ
Начальный элемент ввода Гудзия
Часть имени, кроме начального элемента ввода Н. К.
Код отношения Редактор
801 #0 - ИСТОЧНИК ЗАПИСИ
Страна Российская Федерация
Организация NLR
Правила каталогизации psbo
801 #1 - ИСТОЧНИК ЗАПИСИ
Страна Российская Федерация
Организация ELAR
Источник данных rusmarc
852 ## - МЕСТОНАХОЖДЕНИЕ И ШИФР ХРАНЕНИЯ
Идентификатор организации NLR
Наименование фонда или коллекции (Sub-Location Identifier) Л
Шифр хранения (Call Number) 30 Г-7/109
942 ## - ДОПОЛНИТЕЛЬНЫЕ ЭЛЕМЕНТЫ ЗАПИСИ (АБИС)
Тип экземпляра АБИС Книга
980 ## - КОЛЛЕКЦИЯ
Название коллекции Национальная библиография

Нет доступных экземпляров.